Letter Ladder #1 - Statistics

General Stats
  • This quiz has been taken 109 times
  • The average score is 8 of 18
Answer Stats
Clue Answer % Correct
On Black Friday, this is lowered Price
93%
What screen protectors stop Crack
68%
Camping slogan: Leave no _____ Trace
61%
Athletics arena Track
58%
Calm down, it's just a ____! Prank
51%
Floral, fruity, woody, e.g. Scent
49%
In a ____ = In a hurry Trice
49%
A pirate's final stand Plank
46%
A kingdom of life Plant
43%
Donkey Kong's grandfather (minus a letter) Crank
39%
Scarcely enough Scant
36%
Horizontal, vertical, or ____ asymptote Slant
36%
Gordon Matthew Thomas Sumner Sting
35%
Depleted Spent
32%
A fixed period of time spent doing something Stint
31%
Medical mesh tube Stent
29%
Streaming Services Sling
11%
Streaming Services Prime
8%
No matching quizzes found
Score Distribution
Percent of People with Each Score
Percentile by Number Answered
Your Score History
You have not taken this quiz